Top 10 Hottest European Capitals - Statistics

General Stats
  • This quiz has been taken 33,207 times
  • The average score is 8 of 10
Answer Stats
°C Capital % Correct
15.0 Madrid
98%
15.3 Rome
98%
18.5 Athens
95%
17.4 Lisbon
93%
19.3 Valletta
74%
15.2 Vatican City
74%
14.7 San Marino
72%
16.4 Monaco
69%
15.2 Tirana
65%
15.3 Podgorica
44%
No matching quizzes found
Score Distribution
Percent of People with Each Score
Percentile by Number Answered
Your Score History
You have not taken this quiz